=LDR 00000nam 2200000 4500 =001 INLIS000000000024661 =005 20130612123231 =008 ***********************************Ind** =035 ##$$0010-061300000024661 =041 ##$$a Ind =082 ##$$a 345 =090 ##$$a 345, Ham d =100 ##$$a Hamzah, Andi =245 ##$$a Delik-delik tersebar dil luar KUHP dengan komentar, Andi Hamzah =260 ##$$a 1985 $b Jakarta =300 ##$$a xii, 598 hlm, 22 cm =650 ##$$a Delik - Hukum =850 ##$$a NBPNMAT